logo

Bir Sreshtho Munshi Abdur Rouf Library
Jhenaidah Cadet College

মুর্শীদা গান / (Record no. 8454)

MARC details
000 -LEADER
fixed length control field 00653nam a22002297a 4500
001 - CONTROL NUMBER
JCCL Control Number 8454
003 - CONTROL NUMBER IDENTIFIER
JCCL marc code BD-JhCC
005 - DATE AND TIME OF LATEST TRANSACTION
control field 20180723090736.0
008 - FIXED-LENGTH DATA ELEMENTS--GENERAL INFORMATION
fixed length control field 180224s1977 b ||||| |||| 00| 0 ben d
020 ## - INTERNATIONAL STANDARD BOOK NUMBER
International Standard Book Number 98446003512
035 ## - SYSTEM CONTROL NUMBER
system control number (BD-JhCC) 8454
040 ## - CATALOGING SOURCE
Original cataloging agency BD-JhCC
Modifying agency BD-JhCC
041 ## - LANGUAGE CODE
Language code of Book ben
082 ## - DEWEY DECIMAL CLASSIFICATION NUMBER
Classification number 780.1
Author mark and Year UDD 1977
100 ## - MAIN ENTRY--PERSONAL NAME
Personal name উদ্দীন, জসীম
245 ## - TITLE STATEMENT
Title মুর্শীদা গান /
Statement of responsibility, etc জসীম উদ্দীন
260 ## - PUBLICATION, DISTRIBUTION, ETC. (IMPRINT)
Place of publication, distribution, etc ঢাকা :
Name of publisher, distributor, etc বাংলা একাডেমী;
-- পলাশ,
Date of publication, distribution, etc 1977
300 ## - PHYSICAL DESCRIPTION
Pagination 272 p :
Dimensions 22 cm
650 ## - SUBJECT ADDED ENTRY--TOPICAL TERM
Topical term or geographic name as entry element Devotional Song
942 ## - ADDED ENTRY ELEMENTS (KOHA)
Source of classification or shelving scheme Dewey Decimal Classification
Koha item type Books
Holdings
Source of classification or shelving scheme Damaged status Not for loan Home library Current library Shelving location Date of accession Cost, normal purchase price Total Checkouts Full call number Barcode Date last seen Copy number Koha item type
Dewey Decimal Classification     JCC Rouf Library JCC Rouf Library General Stacks 02/24/2018 22.00   780.1 JAS 1977 10716 02/24/2018 C-1 Books
Dewey Decimal Classification     JCC Rouf Library JCC Rouf Library General Stacks 07/23/2018 375.00   780.1 UDD 2012 14137 07/23/2018 C-2 Books

JCC Library | Contacts | JCC Home

Last Update on 23 September 2017
Copyright @ 2017-2020 JCC Rouf Library
Rouf Library, Jhenidah Cadet College (JCC), Bangladesh